Konkurencieschopnosť v chove oviec v Slovenskej republike

Prezentácia súčasného stavu nášho ovčiarstva a jeho úlohy, ktoré je treba zabezpečiť po vstupe do EÚ. Vývoj stavov oviec v SR, vývoj reprodukčných a úžitkových ukazovateľov oviec v SR, regulácia trhu s ovčími komoditami. Toto odvetvie živočíšnej výroby je konkurencieschopné a má perspektívu rozvoja....

Descrizione completa

Salvato in:
Dettagli Bibliografici
Autore principale: Hudáková, Ivana, 1976-
Natura: Capitolo di libro
Lingua:slovacco
Soggetti:
Tags: Aggiungi Tag
Nessun Tag, puoi essere il primo ad aggiungerne!!

MARC

LEADER 00000naa$a2200000$$$4500
001 0033330
005 20240502071441.1
041 0 |a slo 
044 |a SK 
245 1 0 |a Konkurencieschopnosť v chove oviec v Slovenskej republike  |c Ivana Hudáková 
520 |a Prezentácia súčasného stavu nášho ovčiarstva a jeho úlohy, ktoré je treba zabezpečiť po vstupe do EÚ. Vývoj stavov oviec v SR, vývoj reprodukčných a úžitkových ukazovateľov oviec v SR, regulácia trhu s ovčími komoditami. Toto odvetvie živočíšnej výroby je konkurencieschopné a má perspektívu rozvoja. Je potrebné efektívne rozvíjať chov oviec pri rešpektovaní ochrany životného prostredia. 
610 2 0 |a ovčiarstvo 
610 2 0 |a chov zvierat 
610 2 0 |a Slovensko 
610 2 0 |a konkurencieschopnosť 
610 2 0 |a komodity 
610 2 0 |a obchod 
610 2 0 |a Európska únia 
100 1 |a Hudáková, Ivana, 1976-